| 000 | 00577nam a22001457a 4500 | ||
|---|---|---|---|
| 082 | _a200 | ||
| 100 |
_aTaimur Hassan _969945 |
||
| 245 |
_aCNN Based Grading and 3D Presentation of Maculopathy from Digital Retinal Images/ _cTaimur Hassan |
||
| 260 |
_aRAWALPINDI: _bNUST COLLEGE OF EME; _c2019. |
||
| 300 |
_a135,p; _bill; _c30,cm. |
||
| 650 |
_aPhD-Computer Software Engineering _9124478 |
||
| 700 |
_aSupervisor Dr. Muhammad Usman Akram Co-Supervisor Brig. Dr. Shoab Ahmed Khan _969947 |
||
| 856 | _u http://10.250.8.41:8080/xmlui/handle/123456789/34682 | ||
| 942 |
_cTHE _2ddc |
||
| 999 |
_c577019 _d577019 |
||